Jungle Doctor panorama /

সংরক্ষণ করুন:
গ্রন্থ-পঞ্জীর বিবরন
প্রধান লেখক: White, Paul
বিন্যাস: গ্রন্থ
ভাষা:ইংরেজি
প্রকাশিত: London : Paternoster Press, 1960.
বিষয়গুলি:
ট্যাগগুলো: ট্যাগ যুক্ত করুন
কোনো ট্যাগ নেই, প্রথমজন হিসাবে ট্যাগ করুন!

MARC

LEADER 00000nam a22000007a 4500
003 KE-NaDUL
005 20230627194459.0
008 230627b |||||||| |||| 00| 0 eng d
040 |a DUL  |c DUL  |d Dwaswala 
050 0 0 |a BV3625.W45 1960 
100 1 |a White, Paul  |9 135166 
245 1 0 |a Jungle Doctor panorama /  |c text by Paul White ; photos by Ossie Emery and Edwin Udey 
260 |a London :  |b Paternoster Press,  |c 1960. 
300 |a 144 p. (chiefly illus. (part col.) ports.)  |c 29 cm. 
650 0 |a Missions  |z Tanzania  |v Pictorial works.  |9 135167 
942 |2 lcc  |c REF  |h BV3625  |i .W45  |m 1960  |6 BV3625 W45 
952 |0 0  |1 0  |2 lcc  |4 0  |6 BV3625 W45 01960  |7 1  |8 REF  |9 139333  |a CUI  |b CUI  |c CUI  |d 2023-06-27  |l 0  |o BV3625.W45 1960  |p CUI08628  |r 2023-06-27 00:00:00  |w 2023-06-27  |x 08628  |y REF 
999 |c 223333  |d 223332